De natura deorum (Record no. 172980)

MARC details
000 -LEADER
campo de control de longitud fija 00832nam a22002531 4500
001 - NÚMERO DE CONTROL
campo de control 172980
003 - IDENTIFICADOR DE NÚMERO DE CONTROL
campo de control ES-MaACL
005 - FECHA Y HORA DE LA ÚLTIMA TRANSACCIÓN
campo de control 20230906215108.0
008 - DATOS DE LONGITUD FIJA--INFORMACIÓN GENERAL
campo de control de longitud fija 090930s1956 xxk r |||| | eng d
080 ## - NÚMERO DE LA CLASIFICACIÓN DECIMAL UNIVERSAL
Número de la Clasificación Decimal Universal 871-96"-00"=00
080 ## - NÚMERO DE LA CLASIFICACIÓN DECIMAL UNIVERSAL
Número de la Clasificación Decimal Universal 21
100 1# - ENTRADA PRINCIPAL--NOMBRE DE PERSONA
Nombre de persona Cicerón, Marco Tulio.
9 (RLIN) 38748
245 10 - MENCIÓN DEL TÍTULO
Título De natura deorum
Resto del título ; Academica /
Mención de responsabilidad, etc. Cicero ; with an English translation by H. Rackham.
250 ## - MENCION DE EDICION
Mención de edición Rev. and reprint.
260 ## - PUBLICACIÓN, DISTRIBUCIÓN, ETC.
Lugar de publicación, distribución, etc. London :
Nombre del editor, distribuidor, etc. William Heinemann Ltd,
Fecha de publicación, distribución, etc. 1956.
300 ## - DESCRIPCIÓN FÍSICA
Extensión XIX, 664 p. ;
Dimensiones 17 cm.
490 1# - MENCIÓN DE SERIE
Mención de serie The Loeb classical library ;
Designación de volumen o secuencia 268
500 ## - NOTA GENERAL
Nota general Índices.
546 ## - NOTA DE IDIOMA
Nota de lengua/lenguaje Texto en latín e inglés.
740 0# - ENTRADA AGREGADA--TÍTULO RELACIONADO/ANALÍTICO NO CONTROLADO
Título relacionado o analítico no controlado Academica.
830 0# - PUNTO DE ACCESO ADICIONAL DE SERIE-TÍTULO UNIFORME
Título uniforme The Loeb classical library ;
Designación de volumen o secuencia 268
9 (RLIN) 189091
852 4# - LOCALIZACIÓN
Ubicación ES-MaACL
Número de control de estantería E-13020
itemnumber R.139344 . -
Nota libre Biblioteca Jacinto Martínez Lacalle
Holdings
Estatus retirado Estado de pérdida Estado de daño No para préstamo Biblioteca de origen Biblioteca actual Ubicación en estantería Fecha de adquisición Fuente de adquisición Total de préstamos Signatura topográfica completa Código de barras Visto por última vez Precio de reemplazo Tipo de ítem Koha
        Biblioteca del Ateneo de Madrid Biblioteca del Ateneo de Madrid Depósito 2 30/09/2009     E-13020 1181509 23/02/2023 23/02/2023 Libro impreso